| 000 | 00427nam a22001697a 4500 | ||
|---|---|---|---|
| 005 | 20180703155316.0 | ||
| 008 | 160611b xxu||||| |||| 00| 0 eng d | ||
| 020 | _a978-81-203-2808-2 | ||
| 041 | _aeng | ||
| 082 |
_b6901 _a658.11 |
||
| 100 |
_aCoulter, Mary _91629 |
||
| 245 | _aEntrepreneurship in action | ||
| 260 |
_aNew Delhi _bPHI Learning Pvt. Ltd. _c2008 |
||
| 300 | _a361p, | ||
| 650 |
_aManagement _9241 |
||
| 942 | _cBK | ||
| 999 |
_c2402 _d2401 |
||